Sun II : Proceedings of the international solar energy society

Contents: Physics; socio-economics; solar radiation; wind

Uloženo v:
Podrobná bibliografie
Korporativní autor: International Solar Energy Society.
Médium: Kniha
Jazyk:Undetermined
Vydáno: New York Pergamon Press 1979
Témata:
Tagy: Přidat tag
Žádné tagy, Buďte první, kdo otaguje tento záznam!
Thư viện lưu trữ: Trung tâm Học liệu Trường Đại học Cần Thơ
LEADER 00695nam a2200205Ia 4500
001 CTU_221963
008 210402s9999 xx 000 0 und d
082 |a 333.7 
082 |b I.61/Vol.3 
110 |a International Solar Energy Society. 
245 0 |a Sun II : 
245 0 |b Proceedings of the international solar energy society 
245 0 |c International Solar Energy Society. 
260 |a New York 
260 |b Pergamon Press 
260 |c 1979 
520 |a Contents: Physics; socio-economics; solar radiation; wind 
650 |a Năng lượng mặt trời,Solar energy 
904 |i Tô Chánh Trung, Tuyến 
980 |a Trung tâm Học liệu Trường Đại học Cần Thơ